00510nam a2200193 a 4500001001300000003000900013005001700022008004100039020002300080082001500103100001600118245003700134260003600171300000900207500003500216505001000251650003100261650002400292nice12345678IN_TiNIC20260116013039.0050524s1997 newa grp 000 0 eng  a0143969 c40000a923.1bADA aAdams, Adam aDynastyb the Nehru Gandhi Story aNew DelhibPenguin Books c1997 a390p aincludes index and biblioraphy2 aIndex aJawaharlal Nehru-Biography aIndia-History Nehru